|
|
|
|
| LEADER |
00000cam a2200000 a 4500 |
| 001 |
vtls001116174 |
| 003 |
SK-MaSNL |
| 005 |
20260302064313.0 |
| 008 |
240226s1979 xo g frn 000 0 slo |
| 015 |
|
|
|a SNBA1979
|
| 020 |
|
|
|q (viazané)
|
| 035 |
|
|
|a SNK000059017
|
| 035 |
|
|
|a A6B33743-B6F8-43D8-91F5-17F21FB799FA
|
| 035 |
|
|
|a urn:nbn:sk:snk-am00ie87
|
| 035 |
|
|
|a 828FC6BA-EC39-4E26-B7B7-D9202E1075AB
|
| 035 |
|
|
|a urn:nbn:sk:snk-am00ibj8
|
| 035 |
|
|
|a 7D63A53E-C49F-4D87-9203-4F7AFB27FDB3
|
| 035 |
|
|
|a urn:nbn:sk:snk-am00ie97
|
| 040 |
|
|
|a SNK
|b slo
|c SNK
|e AACR2
|
| 041 |
0 |
|
|a slo
|a ger
|
| 044 |
|
|
|a xo
|c SK
|
| 072 |
|
7 |
|a 781
|x Hudobná teória
|2 konspekt
|
| 072 |
|
7 |
|a 78
|x Hudba
|2 konspekt
|
| 080 |
|
|
|a 78
|2 2011
|
| 080 |
|
|
|a 781
|2 2011
|
| 080 |
|
|
|a (048.8)
|2 2011
|
| 100 |
1 |
|
|a Suchoň, Eugen,
|d 1908-1993
|4 aut
|9 107916
|
| 245 |
1 |
0 |
|a Akordika od trojzvuku po dvanásťzvuk
|c Eugen Suchoň ; [preklad Ján Albrecht ; notové príklady kreslil Imrich Hatala]
|
| 246 |
3 |
1 |
|a Die Akkordik vom Dreiklang bis zum Zwölfklang
|
| 250 |
|
|
|a 1. vyd.
|
| 260 |
|
|
|a Bratislava
|b Opus
|c 1979
|
| 300 |
|
|
|a 171 strán
|b noty
|c 24 cm
|e 2 prílohy
|
| 366 |
|
|
|e 2000 kusov
|
| 500 |
|
|
|a Súbežný názov a obsah nemecky. Údaj o prekladateľovi prevzatý z rubu titulnej strany. Údaj o ilustrátorovi prevzatý z tiráže
|
| 504 |
|
|
|a Bibliografia na strane 171
|
| 546 |
|
|
|a Súbežný text v nemčine
|
| 650 |
0 |
7 |
|a akordika
|2 SNKPH
|9 112222
|
| 650 |
0 |
7 |
|a tonalita
|2 SNKPH
|9 25880
|
| 650 |
0 |
7 |
|a hudobná teória
|2 SNKPH
|9 3203
|
| 650 |
0 |
7 |
|a hudba
|2 SNKPH
|9 1063
|
| 650 |
0 |
7 |
|a akordy
|2 SNKPH
|9 73464
|
| 650 |
0 |
7 |
|a trojzvuk
|2 SNKPH
|9 726313
|
| 650 |
0 |
7 |
|a dvanásťzvuk
|2 SNKPH
|9 726314
|
| 650 |
0 |
7 |
|a diatonický tonal
|2 SNKPH
|9 726315
|
| 650 |
0 |
7 |
|a chromatický tonal
|2 SNKPH
|9 726316
|
| 650 |
0 |
7 |
|a intervalové kombinácie
|2 SNKPH
|9 726317
|
| 650 |
0 |
7 |
|a akordické kombinácie
|2 SNKPH
|9 726318
|
| 655 |
|
7 |
|a monografie
|2 SNKPH
|9 70139
|
| 700 |
1 |
|
|a Hatala, Imrich
|4 ill
|9 407391
|
| 700 |
1 |
|
|a Albrecht, Ján,
|d 1919-1996
|4 trl
|9 36871
|
| 852 |
|
|
|a Slovenská národná knižnica
|
| 954 |
|
|
|a odborná, vedecká literatúra pôvodná (slovenská)
|2 lita
|
| 958 |
|
|
|a RK
|
| 958 |
|
|
|a TL
|
| 958 |
|
|
|a NB
|
| 958 |
|
|
|a OND
|
| 958 |
|
|
|a EUIPO
|
| 999 |
|
|
|c 1136921
|d 1138851
|
| 952 |
|
|
|a SNK
|b SNK
|y PREZ
|7 0
|p 17A1482932
|o snkSC 46540/príl.1
|i snkKSP 3859/79
|z príloha 1 brožúra
|0 0
|1 0
|4 0
|d 2022-05-12
|f 1
|l 0
|r 2025-10-27 00:00:00
|w 2026-02-24
|
| 952 |
|
|
|a SNK
|b SNK
|y PREZ
|7 0
|p 17A1482931
|o snkSC 46540/príl.2
|i snkKSP 3859/79
|z príloha 5 voľných listov
|0 0
|1 0
|4 0
|d 2022-05-12
|f 1
|l 0
|r 2025-10-27 00:00:00
|w 2026-02-24
|
| 952 |
|
|
|t P60, <04>, [BOOK], {604}
|a SNK
|b SNK
|y VYP
|7 0
|p 17A0074494
|o snkSC 46540 D1
|0 0
|1 0
|4 0
|d 1997-06-24
|l 0
|r 2004-12-31 00:00:00
|w 2026-02-24
|
| 952 |
|
|
|a SNK
|b SNK
|y PREZ
|7 0
|p 17A0111242
|o snkSC 46540
|i snkKSP 3859/79
|z + 2 prílohy:1 brožúra a 5 voľných listov
|0 0
|1 0
|4 0
|d 1997-11-28
|f 1
|l 0
|r 2025-10-27 00:00:00
|w 2026-02-24
|